|
|
|
|
| LEADER |
00000nam a2200000Ia 4500 |
| 008 |
170816b1997 cr ||||| |||| 00| | spa d |
| 999 |
|
|
|c 837
|d 837
|
| 020 |
|
|
|a 9968742570
|
| 090 |
|
|
|a 02.04.02
|b 2124
|
| 100 |
1 |
|
|a Chaverri, Mayra
|9 3063
|
| 245 |
1 |
0 |
|a Re-conociendo y enfrentando las situaciones de violencia intrafamiliar /
|c Mayra Chaverrri, Sonia González; Tatiana Soto; Marielos Monge
|
| 260 |
|
|
|a San José, Costa Rica :
|b Centro Nacional para el Desarrollo de la Mujer y la Familia,
|c 1997
|
| 300 |
|
|
|a 176 páginas
|
| 490 |
|
|
|a Serie Metodologías,
|v 7
|
| 490 |
|
|
|a Sentir, pensar y enfrentar la violencia intrafamiliar,
|v 2
|
| 650 |
1 |
4 |
|a VIOLENCIA
|9 71
|
| 650 |
1 |
4 |
|9 1063
|a VIOLENCIA DOMÉSTICA
|
| 650 |
1 |
4 |
|a VIOLENCIA CONTRA LAS MUJERES
|9 85
|
| 650 |
1 |
4 |
|a CAPACITACIÓN POR MÓDULOS
|9 3064
|
| 650 |
1 |
4 |
|a MEDIOS DE ENSEÑANZA
|9 29
|
| 700 |
1 |
|
|a González, Sonia
|9 3065
|
| 700 |
1 |
|
|a Monge, Marielos
|9 3067
|
| 700 |
1 |
|
|a Soto, Tatiana
|9 3068
|
| 942 |
|
|
|i 003696
|h 02.04.02 2124
|2 z
|c 01
|